| 000 | 01066nac a22002411u 4500 | ||
|---|---|---|---|
| 090 | _c5932 | ||
| 008 | 090203t xxu||||| |||| 00| 0 eng d | ||
| 020 | _a0321399420 | ||
| 082 |
_a005.756 _bDAT |
||
| 100 | _aDate C. J. | ||
| 245 |
_aDatabases, Types, and the relational model : _bThe third Manifesto/ _cC.J. Date, Hugh Darwen |
||
| 250 | _a3rd ed. | ||
| 260 |
_aReading,MA: _bAddison-Wesley, _cc2007. |
||
| 300 |
_axiv, 556p.; _c24 cm. |
||
| 504 | _aIncludes bibliographical references and index. | ||
| 650 | _aRelational databases | ||
| 650 | _adatabase design | ||
| 650 | _aSQL(computer program language) | ||
| 700 | 1 | _aDarwen Hugh | |
| 942 |
_cBB _k005.756DAT _2ddc |
||
| 999 |
_c5932 _d5932 |
||